000 00653nam a2200205Ii 4500
001 11278
003 CO-ViMGA
008 241108s9999||||xx |||||||||||||| ||und||
040 _aCO-ViMGA
_bspa
_erda
_cCO-ViMGA
041 0 _aunk
082 0 4 _a379.209861-H473
100 1 _aGuillermo Hernández de Alba
_947520
245 1 0 _aDocumentos para la historia de la Eduación en Colombia
264 1 _a[Lugar de publicación no identificado] : Editorial Andes, 1969
300 _avolumen
336 _atext
_btxt
_2rdacontent
337 _aunmediated
_bn
_2rdamedia
338 _avolume
_bnc
_2rdacarrier
940 _aidficha_siabuc: 11009. -- ficha_no_siabuc:11278
999 _c52122
_d52122